Statistiken für Denis Villeneuve Spielfilme

Klicken Sie hier um das Quiz zu spielen!

Allgemein

  • Dieses Quiz wurde 6 mal gespielt
  • Das Durchschnittsergebnis liegt bei 5 aus 11

Antwortstatistiken

HintAntwort% Korrekt
2021Dune
100%
2024Dune: Part Two
100%
2016Arrival
83%
2017Blade Runner 2049
83%
2013Enemy
33%
2013Prisoners
33%
2015Sicario
33%
2010Incendies
17%
2000Maelström
17%
2009Polytechnique
17%
1998Der 32. August auf Erden
0%

Verteilung der Resultate

Perzentil nach korrekt beantworteten Fragen

Anzahl Personen mit jedem Resultat

Ihre Resultats-Entwicklung

Sie haben dieses Quiz noch nicht gespielt